| 000 | 00371nam a22001217a 4500 | ||
|---|---|---|---|
| 999 |
_c3638 _d3638 |
||
| 005 | 20201209115906.0 | ||
| 008 | 201209b ||||| |||| 00| 0 eng d | ||
| 020 | _a0199134103 | ||
| 040 | _cCML | ||
| 245 |
_aAdvanced Physical Education Through Diagrams. _cMorton D. |
||
| 260 |
_aOxford _bOxford University _c2000 |
||
| 942 |
_2ddc _cBK _e1st Edition _h613 _mDAV |
||